Política y fuerzas armadas: características y misiones constitucionales de las FF.AA

Enregistré dans:
Détails bibliographiques
Auteur principal: Paúl Latorre, Adolfo (autor)
Format: Livre
Langue:espagnol
Publié: Santiago Revista de Marina 1999
Édition:1a. ed
Sujets:
Tags: Ajouter un tag
Pas de tags, Soyez le premier à ajouter un tag!

MARC

LEADER 00000cam a2200000 a 4500
001 UCP6975
003 CL-VaPUC
008 991126e19990000CL |||||||||||||||||spa|d
020 |a 9562883337 
082 0 4 |a 322.5  |b PAU  |2 21 
100 |a Paúl Latorre, Adolfo  |e autor  |9 589353 
245 1 0 |a Política y fuerzas armadas: características y misiones constitucionales de las FF.AA 
250 |a 1a. ed 
300 |a 421 p 
942 |c BK 
945 |d 19991126 00:00:00  |a vberengu 
260 |a Santiago  |b Revista de Marina  |c 1999 
600 0 7 |a CONSEJO DE SEGURIDAD NACIONAL  |2 CL-VaPUC  |9 256492 
650 0 |a Fuerzas Armadas  |9 255504 
650 0 |a Política gubernamental  |9 262286 
583 |a last modification  |c 20150701 12:21:15  |k Rodrigo Vera 
999 |c 284347  |d 284345 
952 |0 0  |1 0  |4 0  |6 322_500000000000000_PAU_1999  |7 0  |8 A  |9 328250  |a BIBDER  |b BIBDER  |d 2019-11-20  |i 3579832  |o 322.5 PAU 1999  |p 3579832  |r 2023-01-25  |w 2019-11-20  |y BK  |k DER 
952 |0 0  |1 0  |4 0  |6 322_500000000000000_PAU_1999  |7 0  |8 A  |9 328252  |a BIBHIS  |b BIBHIS  |d 2019-11-20  |i 4517563  |o 322.5 PAU 1999  |p 4517563  |r 2025-01-20  |w 2019-11-20  |y BK  |k HIS